Hors ligne - Freeze Corleone - Statistiques

Statistiques générales
  • Ce quiz a été pris 26 fois
  • Le résultat moyen est 255 sur 479
Statistiques - réponses
Hint Réponse % Correct
S/o
100%
s/o
100%
V
100%
de
94%
J'suis
94%
j'suis
94%
à
89%
des
89%
Des
89%
la
89%
89%
cartouches
78%
connecté
78%
dans
78%
hors-ligne
78%
le
78%
mais
78%
6.6.7
72%
ekip
72%
Couplet 1 Ekip
72%
ékip
72%
en
72%
j'me
72%
les
72%
n
72%
pas
72%
si
72%
cage
67%
comme
67%
devant
67%
j'dors
67%
MMS
67%
pour
67%
prendre
67%
blanche
61%
centre
61%
c'est
61%
du
61%
Envoie
61%
envoie
61%
heures
61%
j'mets
61%
LDO
61%
mat
61%
mat'
61%
NRM
61%
pétasse
61%
Pétasse
61%
prise
61%
p'tite
61%
Six
61%
t'es
61%
ton
61%
Black
56%
CH
56%
Dakar
56%
et
56%
Et
56%
fume
56%
Jack
56%
j'en
56%
on
56%
On
56%
R.A.F
56%
salope
56%
Sion
56%
appelle
50%
Chen
50%
collecter
50%
concentrations
50%
Concurrence
50%
d'Amérique
50%
fonscar
50%
Francesco
50%
Indiens
50%
J'fume
50%
j'fume
50%
l'esclavage
50%
Lin
50%
lin
50%
métal
50%
Totti
50%
au
44%
Avec
44%
avec
44%
cobayes
44%
connexion
44%
gros
44%
Gros
44%
j'ai
44%
méthane
44%
Népal
44%
pierre
44%
Prof
44%
prototypes
44%
barres
39%
Dieu
39%
fond
39%
gas
39%
Gianluigi
39%
Han
39%
han
39%
l'métal
39%
Marcelo
39%
même
39%
nous
39%
protégé
39%
sous
39%
sur
39%
TOTY
39%
tout
39%
vie
39%
Zen
39%
Albator
33%
AMG
33%
Bientôt
33%
bientôt
33%
défense
33%
d'la
33%
fils
33%
'fonce
33%
investis
33%
j'bombarde
33%
j'enchaîne
33%
j'vais
33%
katas
33%
killu
33%
Loto
33%
l'vaisseau
33%
OVG
33%
Salvatore
33%
sans
33%
teh
33%
village
33%
bails
28%
bleue
28%
cadavres
28%
carte
28%
Ceinture
28%
désert
28%
eux
28%
Ferragamo
28%
Intro Fuck
28%
génie
28%
J'fais
28%
L'argent
28%
l'miel
28%
l'respect
28%
mes
28%
ministre
28%
mutations
28%
prod
28%
protections
28%
que
28%
Rap
28%
R.E.P
28%
rien
28%
un
28%
caca
22%
collections
22%
concert
22%
corrections
22%
d'concu'
22%
d'coupé-décalé
22%
Eh
22%
eh
22%
Flem
22%
GLE
22%
Goddamn
22%
goddamn
22%
KGB
22%
l'Éducation
22%
lous'
22%
maléfices
22%
nég'
22%
Qatar
22%
rookie
22%
shokata
22%
Studio
22%
subi
22%
tu
22%
contre
17%
Euphon
17%
G.F.G.A.N.G
17%
j'les
17%
J'mixe
17%
j'transige
17%
l'audio
17%
l'Fanta
17%
l'gyrophare
17%
loin
17%
marron
17%
négro
17%
Pont Négro
17%
repère
17%
réputation
17%
Vrai
17%
y'a
17%
12
11%
caler
11%
dédouble
11%
dope
11%
double
11%
easy
11%
fentanyl
11%
it's
11%
join
11%
j'vois
11%
l'sirop
11%
no-lacking
11%
phare
11%
pookie
11%
sors
11%
team
11%
tookie
11%
Tous
11%
300ml
6%
blindé
6%
clones
6%
d'cookie
6%
doubles
6%
fais
6%
J'coupe
6%
jeu
6%
j'geeke
6%
jours
6%
j'regarde
6%
Kaki
6%
mort
6%
point
6%
Wookiee
6%
l'geu-sh'
0%
P-Double
0%
Senseï
0%
Aucun quiz correspondant
Distribution des résultats
% des personnes avec chaque résultat
Percentile par nombre de réponses
Votre historique - résultats
Vous n’avez pas pris ce quiz